[Event "POL-chT3 0607"]
[Site "Poland"]
[Date "2006.11.26"]
[Round "3.1"]
[White "Tarkowski, Michal"]
[Black "Dybowski, Rafael"]
[Result "1/2-1/2"]
[WhiteElo "1990"]
[BlackElo "1983"]
[PlyCount "48"]
[EventDate "2006.11.12"]
[EventType "team-tourn"]
[EventRounds "11"]
[EventCountry "POL"]
[SourceTitle "EXT 2009"]
[Source "ChessBase"]
[SourceDate "2008.11.26"]
[SourceVersion "1"]
[SourceVersionDate "2008.11.26"]
[SourceQuality "1"]

1. d4 Nf6 2. c4 g6 3. Nf3 Bg7 4. Nc3 d6 5. Bg5 Nbd7 6. e3 0-0 7. Be2 h6 8. Bh4 c5 9. 0-0 b6 10. Qc2 e6 11. Rfd1 a6 12. Rd2 Qe7 13. Rad1 g5 14. Bg3 Nh5 15. dxc5 Nxg3 16. hxg3 dxc5 17. Ne4 Ne5 18. Nd6 Rb8 19. Nxe5 Bxe5 20. Qe4 Bxd6 21. Rxd6 Bb7 22. Qd3 Bd5 23. Rxd5 exd5 24. cxd5 b5 1/2-1/2